SIGGRAPH video review. Issue 151, SIGGRAPH 2005. Animation theater program. Part 1
Συλλογή 20 φιλμς μικρού μήκους τα οποία παρουσιάζουν τις τρέχουσες εξελίξεις στα κινούμενα σχέδια
Αποθηκεύτηκε σε:
| Συλλογικό Έργο: | , |
|---|---|
| Μορφή: | |
| Γλώσσα: | English |
| Δημοσίευση: |
New York, N.Y. :
ACM,
[2004]
|
| Θέματα: | |
| Ετικέτες: |
Προσθήκη ετικέτας
Δεν υπάρχουν, Καταχωρήστε ετικέτα πρώτοι!
|
MARC
| LEADER | 00000 gm a2200000 i 4500 | ||
|---|---|---|---|
| 001 | 1/44209 | ||
| 008 | 070514s2004 us g eng d | ||
| 020 | |a 1-59593-104-X | ||
| 035 | |l 10087803 | ||
| 040 | |a GR-MY-UA |b gre |e aacr | ||
| 041 | 0 | |a eng | |
| 082 | 0 | |a 776.6 |2 (22) | |
| 110 | 2 | |a SIGGRAPH. | |
| 245 | 1 | 0 | |a SIGGRAPH video review. |n Issue 151, |p SIGGRAPH 2005. Animation theater program. |n Part 1 |h [μαγνητοσκόπηση] |
| 246 | 3 | 3 | |a Animation theater program. Part 1 |
| 246 | 3 | 3 | |a SIGGRAPH 2005. Animation theater program. Part 1 |
| 260 | |a New York, N.Y. : |b ACM, |c [2004] | ||
| 300 | |a 1 βιντεοδίσκος (π. 97 λεπτ.); |b ομίλ., έγχρ.; |c 4 3/4 ίν.+ |e 1 βιβλιαράκι | ||
| 505 | 0 | |a 1. Amfraid (6:46) / Sophie Van de Velde2. Jona/Tomberry (12:11) / Rosto3. La derniere minute (14:35) / Nicoles Salis4. Lucia (8:00) / Felix Gonnert5. Chohon (13:34) / Eunju Kim, Jungsun Choi, Junsang Yoon, Kinam Kim, Youngju Park, Yuno Park6. Twisted city (1:32) / Dominic Halford, Sam Meisels, Guy Newbery7. City paradise (5:58) / Gaelle Denis8. Journey to the west (1:21) / Motonori Sakakibara9. Hernando (4;01) / Thomas Bernos, Nicolas Lesaffre, Jerome Haupert10. Transformations in architectural design (1:15) / Pascal Mueller11. Recapturing the lost colors of BASARA (3:01) / Kazuo Takahashi12. Scent of a robot (3:48) / UVPHACTORY13. The new deal (3:16) / Baptiste Jaquemet14. Sealed lips (2:04) / Adrien Soyty Liv, Gregory Mougne, Coline Veith15. Love letters (4:35) / Jeff Paul16. Tippett Studio creates "Hell L.A." & "Vermin Man" in "Constantine" (2:53) / Francis Lawrence17. Nature sweet "triange" (0:30) / Pierre Coffin, Darren Walsh18. (YKK AP Commercial) "Evolution" (1:30) / Takeshi Yoon, Koichi Iguchi19. Samuroid zero: evil does not conquer all (2:31) / Yuichi Abe20. (The making of) "Life in the fast lane" (3:21) / Noble Jones | |
| 520 | |a Συλλογή 20 φιλμς μικρού μήκους τα οποία παρουσιάζουν τις τρέχουσες εξελίξεις στα κινούμενα σχέδια | ||
| 650 | 0 | 0 | |a Computer animation. |
| 650 | 0 | 0 | |a Computer graphics. |
| 650 | 0 | 0 | |a Animated films. |
| 650 | 0 | 0 | |a Short films. |
| 710 | 2 | |a Association for Computing Machinery. | |
| 852 | |a INST |b SYROS |c AV |e 20070514 |h 776.6 SIG |p 005500007375 |q 005500007375 |t DVD |y 23 | ||
| 901 | |a BIBL5-2007-1 | ||
| 909 | |a Ε |b 129694 | ||
| 920 | |a ΑΝΑΜΟΡΦΩΣΗ |b ΕΠΕΑΕΚ ΙΙ-ΤΜΣΠΣ |y ΣΥΡΟΣ |z 2006-06 | ||
| 970 | |a ΚΟΝΤΟΥ |b ΠΑΡΑΣΚΕΥΗ |z 2007/05/14 | ||